000
00304nam a2200133Ia 4500
005
20251222155039.0
008
251222s9999||||xx |||||||||||||| ||spa||
082
_a
MIC.22
100
_a
D. DáMASO,Diego.
245
0
_a
Antibacterianos
250
_a
1ra. ed.
264
_b
Marqueting Pharm
942
_c
LIB
999
_c
36871
_d
36871